书目信息 |
| 题名: |
驾校中学不到的开车秘笈
|
|
| 作者: | 庞永华 编著 | |
| 分册: | ||
| 出版信息: | 北京 机械工业出版社 2010 |
|
| 页数: | 121页 | |
| 开本: | 21cm | |
| 丛书名: | 非常车主系列丛书 | |
| 单 册: | ||
| 中图分类: | U471.1 | |
| 科图分类: | ||
| 主题词: | 汽车--驾驶术--基本知识 , 汽车 | |
| 电子资源: | ||
| ISBN: | 978-7-111-29205-0 | |
| 000 | 00924oam2 2200265 45 | |
| 001 | 1050879765 | |
| 005 | 20100420100942.77 | |
| 010 | @a978-7-111-29205-0@dCNY19.80 | |
| 100 | @a20100408d2010 em y0chiy50 ea | |
| 101 | 0 | @achi |
| 102 | @aCN@b110000 | |
| 105 | @ay z 000yy | |
| 106 | @ar | |
| 200 | 1 | @a驾校中学不到的开车秘笈@AJia Xiao Zhong Xue Bu Dao De Kai Che Mi Ji@f庞永华编著@FPang Yong Hua Bian Zhu |
| 210 | @a北京@c机械工业出版社@d2010 | |
| 215 | @a121页@c图@d21cm | |
| 225 | 2 | @a非常车主系列丛书 |
| 330 | @a本书分为“天时”、“地利”、“人和”三篇。天时篇针对各种特殊环境的驾驶技巧和方法;地利篇针对各种道路的驾驶技巧和方法;人和篇针对各种和人有关的驾驶技巧和方法。 | |
| 461 | 0 | @12001 @a非常车主系列丛书 |
| 606 | 0 | @a汽车@x驾驶术@x基本知识 |
| 606 | 0 | @a汽车 |
| 690 | @aU471.1@v4 | |
| 701 | 0 | @a庞永华@APang Yong Hua@4编著 |
| 801 | 0 | @aCN@bTANGWEI@c20100420 |
| 905 | @b0591359-63@dU471.1@e198@f5 | |
| 驾校中学不到的开车秘笈/庞永华编著.-北京:机械工业出版社,2010 |
| 121页:图;21cm.-(非常车主系列丛书) |
| ISBN 978-7-111-29205-0:CNY19.80 |
| 本书分为“天时”、“地利”、“人和”三篇。天时篇针对各种特殊环境的驾驶技巧和方法;地利篇针对各种道路的驾驶技巧和方法;人和篇针对各种和人有关的驾驶技巧和方法。 |
| ● |
| 相关链接 |
|
|
|
|
正题名:驾校中学不到的开车秘笈
索取号:U471.1/198
 
预约/预借
| 序号 | 登录号 | 条形码 | 馆藏地/架位号 | 状态 | 备注 |
| 1 | 0591359 | 205913591 | 第二样本阅览室/ [索取号:U471.1/198] | 在馆 | |
| 2 | 0591360 | 205913608 | 第三借阅区/ [索取号:U471.1/198] | 在馆 | |
| 3 | 0591361 | 205913617 | 第三借阅区/ [索取号:U471.1/198] | 在馆 | |
| 4 | 0591362 | 205913626 | 第三借阅区/ [索取号:U471.1/198] | 在馆 | |
| 5 | 0591363 | 205913635 | 第三借阅区/ [索取号:U471.1/198] | 在馆 |